Library Catalog

Jolly jingly Christmas. (Record no. 492660)

MARC details
000 -LEADER
fixed length control field 00857nam a22002537a 4500
003 - CONTROL NUMBER IDENTIFIER
control field OSt
005 - DATE AND TIME OF LATEST TRANSACTION
control field 20260511115343.0
008 - FIXED-LENGTH DATA ELEMENTS--GENERAL INFORMATION
fixed length control field 260511b |||||||| |||| 00| 0 eng d
020 ## - INTERNATIONAL STANDARD BOOK NUMBER
International Standard Book Number 9781465455246
040 ## - CATALOGING SOURCE
Original cataloging agency Kenya National Library Service
082 ## - DEWEY DECIMAL CLASSIFICATION NUMBER
Classification number 394.2663 JOL
245 ## - TITLE STATEMENT
Title Jolly jingly Christmas.
250 ## - EDITION STATEMENT
Edition statement First American edtion.
300 ## - PHYSICAL DESCRIPTION
Extent 1 volume (unpaged) :
Other physical details colour illustrations, sound effects ;
Dimensions 25 cm.
500 ## - GENERAL NOTE
General note Board book with lift-the-flap and sound features.
500 ## - GENERAL NOTE
General note Cover title.
520 ## - SUMMARY, ETC.
Summary, etc. An interactive Christmas board book featuring holiday sounds, flaps, and festive characters for young children.
521 ## - TARGET AUDIENCE NOTE
Target audience note Ages 2-5.
650 ## - SUBJECT ADDED ENTRY--TOPICAL TERM
Topical term or geographic name entry element Board books.
Form subdivision Juvenile literature.
650 ## - SUBJECT ADDED ENTRY--TOPICAL TERM
Topical term or geographic name entry element Christmas
942 ## - ADDED ENTRY ELEMENTS (KOHA)
Source of classification or shelving scheme Dewey Decimal Classification
Koha item type Books
Suppress in OPAC No
Holdings
Withdrawn status Source of classification or shelving scheme Damaged status Not for loan Collection Home library Current library Date acquired Source of acquisition Cost, normal purchase price Total checkouts Full call number Barcode Date last seen Price effective from Koha item type
  Dewey Decimal Classification     Junior Books Nakuru Library Acquisition, Cataloguing, Classification and Distribution Development 05/11/2026 BAI 1978.00   394.2663 JOL B234338 05/11/2026 05/11/2026 Books

© 2025, Kenya National Library Service | Designed & Maintained by Uvumbuzi Center